Quantitative chemical analysis / (Record no. 16756)

MARC details
000 -LEADER
fixed length control field 01111nam a22003255i 4500
001 - CONTROL NUMBER
control field 015500042
003 - CONTROL NUMBER IDENTIFIER
control field EG-ScBUE
005 - DATE AND TIME OF LATEST TRANSACTION
control field 20250812091944.0
008 - FIXED-LENGTH DATA ELEMENTS--GENERAL INFORMATION
fixed length control field 100226t2010 nyua f bd 001 0 eng d
020 ## - INTERNATIONAL STANDARD BOOK NUMBER
International Standard Book Number 9781429218153
020 ## - INTERNATIONAL STANDARD BOOK NUMBER
International Standard Book Number 9781429239899
040 ## - CATALOGING SOURCE
Original cataloging agency EG-ScBuE
Language of cataloging eng
Description conventions rda
Transcribing agency EG-ScBuE
Modifying agency EG-ScBUE
082 04 - DEWEY DECIMAL CLASSIFICATION NUMBER
Classification number 545
Edition number 22
Item number HAR
100 1# - MAIN ENTRY--PERSONAL NAME
Personal name Harris, Daniel C.,
Dates associated with a name 1948-
9 (RLIN) 30057
Relator term author.
245 10 - TITLE STATEMENT
Title Quantitative chemical analysis /
Statement of responsibility, etc Daniel C. Harris, Michelson Laboratory, China Lake, California.
250 ## - EDITION STATEMENT
Edition statement Eighth edition.
264 #1 - PUBLICATION, DISTRIBUTION, ETC. (IMPRINT)
Place of publication, distribution, etc New York :
Name of publisher, distributor, etc W. H. Freeman and Company,
Date of publication, distribution, etc [2010]
264 #4 - PUBLICATION, DISTRIBUTION, ETC. (IMPRINT)
Date of publication, distribution, etc c2010
300 ## - PHYSICAL DESCRIPTION
Extent 1 volume (various pagings) :
Other physical details color illustrations ;
Dimensions 29 cm
336 ## - CONTENT TYPE
Source rdacontent
Content type term text
Content type code txt
337 ## - MEDIA TYPE
Media type term unmediated
Source rdamedia
Media type code n
338 ## - CARRIER TYPE
Carrier type term volume
Carrier type code nc
Source rdacarrier
500 ## - GENERAL NOTE
General note Includes glossary.
504 ## - BIBLIOGRAPHY, ETC. NOTE
Bibliography, etc Includes bibliographical references and index.<br/>
650 #7 - SUBJECT ADDED ENTRY--TOPICAL TERM
Topical term or geographic name as entry element Chemistry, Analytic
General subdivision Quantitative.
9 (RLIN) 6411
Source of heading or term BUEsh
653 ## - INDEX TERM--UNCONTROLLED
Resource For college Pharmacy
Arrived date list June2012
-- October2014
655 ## - INDEX TERM--GENRE/FORM
Form subdivision Reading book
9 (RLIN) 33728
942 ## - ADDED ENTRY ELEMENTS (KOHA)
Source of classification or shelving scheme Dewey Decimal Classification
Koha item type Book - Borrowing
Holdings
Withdrawn status Lost status Source of classification or shelving scheme Damaged status Not for loan Collection code Home library Current library Shelving location Date acquired Source of acquisition Cost, normal purchase price Serial Enumeration / chronology Total Checkouts Total Renewals Full call number Barcode Date last seen Date checked out Koha item type Public note Cost, replacement price Checked out
    Dewey Decimal Classification     Donation-Gift Central Library Central Library First floor 07/06/2012 Donation 240.00 15252 2 3 545 HAR 000026803 15/07/2025 10/01/2022 Book - Borrowing International ed.    
    Dewey Decimal Classification     Baccah Central Library Central Library First floor 09/10/2014   680.00       545 HAR 000036544 15/07/2025   NB - Book (Non borrowing)   850.00  
    Dewey Decimal Classification     Baccah Central Library Central Library First floor 09/10/2014   680.00   1 61 545 HAR 000036545 03/11/2014 03/11/2014 Book - Borrowing   850.00 07/06/2025
    Dewey Decimal Classification     Baccah Central Library Central Library First floor 09/10/2014   680.00       545 HAR 000036546 15/07/2025   Book - Borrowing   850.00